000 00842cam a22002531a 4500
001 int59000027
003 DLC
005 20260227111517.0
008 811214s1959 dcua b f000 0 eng c
010 _aint59000027
035 _a(OCoLC)7994603
040 _aU.S. Dept. of the Interior. Library
_cWMUW
_dWMUW
_dDLC
042 _apremarc
050 0 0 _aTN23
_b.U4 no. 579
086 0 _aI 28.3:579
245 0 0 _aAgglomeration studies in the low-pressure hydrogenation of coal in a fluidized bed /
_cby Walter Kawa ... [et al.].
260 _aWashington, D.C. :
_bU.S. G.P.O.,
_c1959.
300 _aiii, 10 p. :
_bill. ;
_c26 cm.
490 1 _aBulletin / Bureau of Mines ;
_v579
504 _aBibliography: p. 10.
650 0 _aCoal liquefaction.
700 1 _aKawa, Walter.
830 0 _aBulletin (United States. Bureau of Mines) ;
_v579.
999 _c34813
_d34813